| 000 | 00663nam a2200277Ia 4500 | ||
|---|---|---|---|
| 005 | 20260324113415.0 | ||
| 008 | 008 260324s9999 xx 000 0 eng d | ||
| 020 | _a9781003331162 | ||
| 037 | _aEBOOK | ||
| 040 | _aCRL | ||
| 040 | _beng | ||
| 040 | _cCRL | ||
| 041 | _2eng | ||
| 041 | _aeng | ||
| 084 | _qCRL | ||
| 100 |
_aPilar Maria Guerrieri; Marco Biraghi _91146647 |
||
| 245 | 0 | _aPost-Western Histories of Architecture | |
| 260 | _bTaylor and Francis | ||
| 260 | _c2023 | ||
| 365 | _a | ||
| 365 | _b230 | ||
| 856 | _uhttp://www.taylorfrancis.com/books/9781003331162 | ||
| 942 | _cEBOOK | ||
| 999 |
_c1736279 _d1736279 |
||